Polychaeta of the far eastern seas of the U.S.S.R. (Record no. 30862)
[ view plain ]
| 000 -LEADER | |
|---|---|
| fixed length control field | 01433nam a22002771 4500 |
| 001 - CONTROL NUMBER | |
| control field | he 65000053 |
| 003 - CONTROL NUMBER IDENTIFIER | |
| control field | DLC |
| 005 - DATE AND TIME OF LATEST TRANSACTION | |
| control field | 20260227111427.0 |
| 008 - FIXED-LENGTH DATA ELEMENTS--GENERAL INFORMATION | |
| fixed length control field | 850919s1965 is a b 00010 eng |
| 010 ## - LIBRARY OF CONGRESS CONTROL NUMBER | |
| LC control number | he 65000053 //r85 |
| 040 ## - CATALOGING SOURCE | |
| Original cataloging agency | DLC/ICU |
| Transcribing agency | ICU |
| 041 1# - LANGUAGE CODE | |
| Language code of text/sound track or separate title | engrus |
| 050 0# - LIBRARY OF CONGRESS CALL NUMBER | |
| Classification number | QL391.P9 |
| Item number | U83 |
| 082 0# - DEWEY DECIMAL CLASSIFICATION NUMBER | |
| Classification number | 595.170916652 |
| 100 10 - MAIN ENTRY--PERSONAL NAME | |
| Personal name | Ushakov, Pavel Vladimirovich. |
| 240 10 - UNIFORM TITLE | |
| Uniform title | Mnogoshchetinkovye chervi dalʹnevostochnykh moreĭ SSSR. |
| Language of a work | English |
| 245 10 - TITLE STATEMENT | |
| Title | Polychaeta of the far eastern seas of the U.S.S.R. |
| Remainder of title | (Mnogoshchetinkovye chervi dalʹnevostochnykh moreĭ SSSR) |
| Statement of responsibility, etc. | [by] P.V. Ushakov. Translated from the Russian [by Jean Salkind. Edited by Rae Finesilver]. |
| 260 0# - PUBLICATION, DISTRIBUTION, ETC. | |
| Place of publication, distribution, etc. | Jerusalem, |
| Name of publisher, distributor, etc. | Israel Program for Scientific Translations |
| -- | [available from the Office of Technical Services, U.S. Dept. of Commerce, Washington] |
| Date of publication, distribution, etc. | 1965. |
| 300 ## - PHYSICAL DESCRIPTION | |
| Extent | ix, 419 p. |
| Other physical details | illus. |
| Dimensions | 25 cm. |
| 500 ## - GENERAL NOTE | |
| General note | At head of title: Akademiya nauk Soyuza Sovetskikh Sotsialisticheskikh Respublik, Academy of Sciences of the Union of Soviet Socialist Republics. Keys to the fauna of the U.S.S.R. published by the Zoological Institute of the Academy of Sciences of the U.S.S.R. no. 56. |
| 500 ## - GENERAL NOTE | |
| General note | Published for the Smithsonian Institution and the National Science Foundation, Washington. |
| 504 ## - BIBLIOGRAPHY, ETC. NOTE | |
| Bibliography, etc. note | Bibliography: p. 51-65. |
| 650 #0 - SUBJECT ADDED ENTRY--TOPICAL TERM | |
| Topical term or geographic name entry element | Polychaeta. |
| 710 20 - ADDED ENTRY--CORPORATE NAME | |
| Corporate name or jurisdiction name as entry element | National Science Foundation (U.S.) |
| 710 20 - ADDED ENTRY--CORPORATE NAME | |
| Corporate name or jurisdiction name as entry element | Smithsonian Institution. |
No items available.